000 00576nam a22002417a 4500
003 UA-OsUOA
001 85903
007 ta
008 20120720b un ||||| |||| 00| 0 ukr d
100 _aКирій В.
090 _a323
_bК43
942 _cBK
040 _aUA-OsUOA
_bukr
_cUA-OsUOA
_dUA-OsUOA
245 _aМесія. Життя, смерть і життя
300 _a235 с.
955 _a2
041 _aukr
080 _a323
020 _a978-966-2405-46-0
260 _aДрогобич
_c2010
650 7 _a32 Політика
_2UDC
999 _c372211
_d372211